Statistics for Heads of State of Greece

Click here to take the quiz!

General Stats

  • This quiz has been taken 11 times
  • The average score is 11 of 33

Answer Stats

YearHead of State% Correct
2020–Katerina Sakellaropoulou
82%
1973–1973Georgios Papadopoulos
64%
Georgios Papadopoulos
64%
1827–1831Ioannis Kapodistrias
55%
2015–2020Prokopis Pavlopoulos
55%
1831–1832Augustinos Kapodistrias
45%
19851990Christos Sartzetakis
45%
1913–1917Constantine I
45%
1920–1922Constantine I
45%
1964–1973Constantine II
45%
1863–1913George I
45%
1946–1947George II
45%
1935–1944George II
45%
1922–1924George II
45%
1990–1995Konstantinos Karamanlis
45%
1980–1985Konstantinos Karamanlis
45%
1832–1862Otto
45%
1947–1964Paul
45%
1917–1920Alexander
36%
1995–2005Konstantinos Stephanopoulos
36%
2005–2015Karolos Papoulias
27%
1975–1980Konstantinos Tsatsos
27%
1822–1823Alexandros Mavrokordatos
18%
1974–1975Michail Stasinopoulos
18%
1823–1823Petros Mavromichalis
18%
1973–1974Phaedon Gizikis
18%
1823–1826Georgios Kountouriotis
9%
1926–1929Pavlos Kountouriotis
9%
1924–1926Pavlos Kountouriotis
9%
1926–1926Theodoros Pangalos
9%
1929–1935Alexandros Zaimis
0%
1826–1827Andreas Zaimis
0%
Georgios Zoitakis
0%

Score Distribution

Percentile by Number Answered

Percent of People with Each Score

Your Score History

You have not taken this quiz